Procedures in criminal law in Kenya / (Record no. 465)
[ view plain ]
| 000 -LEADER | |
|---|---|
| fixed length control field | 00824nam a2200265 a 4500 |
| 001 - CONTROL NUMBER | |
| control field | 4923065 |
| 003 - CONTROL NUMBER IDENTIFIER | |
| control field | OSt |
| 005 - DATE AND TIME OF LATEST TRANSACTION | |
| control field | 20230606081210.0 |
| 008 - FIXED-LENGTH DATA ELEMENTS--GENERAL INFORMATION | |
| fixed length control field | 950126s1994 ke b 001 0 eng |
| 010 ## - LIBRARY OF CONGRESS CONTROL NUMBER | |
| LC control number | 94982122 |
| 020 ## - INTERNATIONAL STANDARD BOOK NUMBER | |
| International Standard Book Number | 9966469427 |
| 040 ## - CATALOGING SOURCE | |
| Original cataloging agency | DLC |
| Transcribing agency | DLC |
| 042 ## - AUTHENTICATION CODE | |
| Authentication code | lcode |
| 043 ## - GEOGRAPHIC AREA CODE | |
| Geographic area code | f-ke--- |
| 082 00 - DEWEY DECIMAL CLASSIFICATION NUMBER | |
| Classification number | 345.676205 |
| Item number | BOW |
| 100 1# - MAIN ENTRY--PERSONAL NAME | |
| Personal name | Bwonwong'a, Momanyi. |
| 245 10 - TITLE STATEMENT | |
| Title | Procedures in criminal law in Kenya / |
| Statement of responsibility, etc. | Momanyi Bwonwong'a. |
| 260 ## - PUBLICATION, DISTRIBUTION, ETC. (IMPRINT) | |
| Place of publication, distribution, etc. | Nairobi : |
| Name of publisher, distributor, etc. | East African Educational Publishers, |
| Date of publication, distribution, etc. | 1994. |
| 300 ## - PHYSICAL DESCRIPTION | |
| Extent | xxvii, 320 p. ; |
| Dimensions | 21 cm. |
| 504 ## - BIBLIOGRAPHY, ETC. NOTE | |
| Bibliography, etc | Includes bibliographical references and index. |
| 650 #0 - SUBJECT ADDED ENTRY--TOPICAL TERM | |
| Topical term or geographic name as entry element | Criminal procedure |
| Geographic subdivision | Kenya. |
| 906 ## - LOCAL DATA ELEMENT F, LDF (RLIN) | |
| a | 7 |
| b | cbc |
| c | origode |
| d | 2 |
| e | ncip |
| f | 19 |
| g | y-gencatlg |
| 942 ## - ADDED ENTRY ELEMENTS (KOHA) | |
| Source of classification or shelving scheme | Dewey Decimal Classification |
| Koha item type | Books |
| Withdrawn status | Lost status | Source of classification or shelving scheme | Damaged status | Not for loan | Home library | Current library | Date acquired | Total Checkouts | Full call number | Barcode | Date last seen | Price effective from | Koha item type |
|---|---|---|---|---|---|---|---|---|---|---|---|---|---|
| Dewey Decimal Classification | Bunge Tower Library | Bunge Tower Library | 06/06/2023 | 345.676205 BOW | 10014659 | 06/06/2023 | 06/06/2023 | Books | |||||
| Dewey Decimal Classification | Bunge Tower Library | Bunge Tower Library | 06/06/2023 | 345.676205 BOW | 10014424 | 06/06/2023 | 06/06/2023 | Books | |||||
| Dewey Decimal Classification | Bunge Tower Library | Bunge Tower Library | 06/06/2023 | 345.676205 BOW | 10014391 | 06/06/2023 | 06/06/2023 | Books | |||||
| Dewey Decimal Classification | Bunge Tower Library | Bunge Tower Library | 06/06/2023 | 345.676205 BOW | 10014394 | 06/06/2023 | 06/06/2023 | Books | |||||
| Dewey Decimal Classification | Bunge Tower Library | Bunge Tower Library | 06/06/2023 | 345.676205 BOW | 10014392 | 06/06/2023 | 06/06/2023 | Books | |||||
| Dewey Decimal Classification | Bunge Tower Library | Bunge Tower Library | 06/06/2023 | 345.676205 BOW | 10014404 | 06/06/2023 | 06/06/2023 | Books |
